[Event "EYCC Open-U14 2019"]
[Site "Bratislava"]
[Date "2019.08.10"]
[Round "9.26"]
[White "Indriunas, Matas"]
[Black "Fernandez Lopez, Ruben"]
[Result "1-0"]
[WhiteElo "1960"]
[BlackElo "2207"]
[Annotator "TA"]
[PlyCount "39"]
[EventDate "2019.08.02"]
[EventType "swiss"]
[EventCountry "SVK"]
[SourceTitle "playchess.com"]
[Source "ChessBase"]
[SourceQuality "1"]

{[%evp 9,129,9,6,-16,-19,-27,-18,-3,-16,-9,-22,-35,2,-29,0,-72,-29,-75,-18,-33,8,-38,-22,-16,0,-43,16,31,22,21,37,-45,-45,-45,0,0,0,-20,-4,-25,-25,-27,-30,-36,-22,-17,-17,-37,-16,-61,-59,-60,-59,-63,-53,-54,-64,-62,-58,-71,-36,-47,0,0,0,0,6,7,286,270,243,220,447,435,5269,4134,5197,5189,29969,29969,29978,12640,29979,29980,29983,29984,29984,29985,29985,29986,29986,29987,29987,29988,29988,29989,29989,29987,29992,29993,29996,29994,29998,29994,29994,29992,29992,29993,29993,29994,29994,29995,29995,29995,29995,29995,29995,29996,29996,29996,29997,5509]} 1. e4 c5 2. Nc3 a6 3. d4 (3. Nf3 d6 4. d4 cxd4 5. Nxd4 Nf6 6. Be3 Ng4 7. Bc1 Nc6 8. Be2 Qb6 9. Bxg4 Bxg4 10. Qxg4 Qxd4 11. O-O e6 12. Rd1 Qf6 13. Qg3 Qg6 14. Bf4 Qxg3 15. Bxg3 {0-1 (67) Guseinov,G (2664)-Artemiev,V (2709) Skopje 2018}) 3... cxd4 4. Qxd4 Nc6 5. Qd2 Nf6 6. b3 {B23: Closed Sicilian: Lines without g3} e6 7. Bb2 Bb4 {[#] Strongly threatening ...Nxe4!} 8. Bd3 $146 {The position is equal.} ({Predecessor:} 8. f3 d5 9. a3 Bxc3 10. Bxc3 d4 {1-0 (37) Popov,M (2381)-Drygalov,A (2491) Khanty-Mansiysk 2019}) 8... d5 9. exd5 exd5 {White must now prevent ...d4.} 10. a3 Ba5 11. O-O-O O-O (11... d4 $5 12. Qe2+ $8 Be6 $11) 12. Qg5 (12. Nf3 $11 {keeps the balance.}) 12... h6 $17 13. Qh4 {[#]} Be6 (13... Ne5 $1 $17 14. Qg3 Re8 15. Nxd5 Nxd3+ 16. Qxd3 Nxd5 17. Qxd5 Qc7) 14. Nf3 $11 Rc8 15. h3 Nd7 16. Qh5 Nf6 17. Qh4 Bxc3 (17... Ne7 $15 18. Na4 Ng6) 18. Bxc3 Ne4 19. Bxe4 Qxh4 20. Nxh4 {Played: Be4-h7} 1-0

[Event "EYCC Open-U14 2019"]
[Site "Bratislava"]
[Date "2019.08.10"]
[Round "9.27"]
[White "Stamatiou, Rodolfos"]
[Black "Frank, Adam"]
[Result "0-1"]
[WhiteElo "2121"]
[BlackElo "2125"]
[Annotator "TA"]
[PlyCount "68"]
[EventDate "2019.08.02"]
[EventType "swiss"]
[EventCountry "SVK"]
[SourceTitle "playchess.com"]
[Source "ChessBase"]
[SourceQuality "1"]

{[%evp 22,68,54,20,29,29,29,27,35,34,64,50,64,11,22,20,10,-17,12,0,15,0,10,-3,10,0,0,-110,-78,-144,-137,-176,-156,-245,-243,-216,-135,-272,-250,-259,-265,-240,-241,-554,-501,-1102,-1085,-1118,-693]} 1. e4 e5 2. Nf3 Nc6 3. Bb5 a6 4. Ba4 Nf6 5. O-O Be7 6. Re1 b5 7. Bb3 d6 8. c3 O-O 9. h3 a5 10. d4 a4 11. Bc2 Bd7 12. Nbd2 Re8 {C92: Closed Ruy Lopez: 9...Be6, Karpov and Flohr-Zaitsev Variations} 13. Nf1 h6 14. Ng3 Bf8 {White has an edge.} 15. Be3 (15. Bd2 Qc8 16. Bd3 Qb7 17. Qc2 g6 18. b4 Bg7 19. a3 Rac8 20. Rac1 {0-1 (113) Polgar,J (2682)-Nakamura,H (2733) Cap d'Agde 2010}) 15... g6 16. Qe2 $146 ({Predecessor:} 16. Qd2 Kh7 17. Rad1 exd4 18. cxd4 {1-0 (40) Vuckovic,B (2479)-Zivanic,M (2403) Belgrade 2001}) 16... Bg7 17. dxe5 (17. Qd2 $14) 17... Nxe5 $11 18. Nxe5 dxe5 19. Bc5 Bc6 20. Rad1 Qb8 21. Rd2 Nd7 22. Bb4 Nf8 23. Red1 Ne6 24. Qf1 (24. Qf3 $11 {remains equal.}) 24... Qb6 25. c4 (25. Ba3 $142) 25... h5 $17 26. Bb1 Bh6 27. Rc2 (27. Rd5 $17 {keeps fighting.}) 27... h4 $19 28. Ne2 bxc4 29. Rxc4 (29. a3 $17 {was worth a try.}) 29... Bb5 30. Nc3 Bxc4 31. Qxc4 {[#] Threatening Nd5.} c6 $1 32. Rd6 $2 (32. a3 {is tougher.}) 32... Bf8 {Black is clearly winning.} 33. Nd5 (33. Bd3 $142) 33... cxd5 34. Rxe6 Qxb4 {Accuracy: White = 23%, Black = 46%.} 0-1

[Event "EYCC Open-U14 2019"]
[Site "Bratislava"]
[Date "2019.08.10"]
[Round "9.28"]
[White "Laptii, Nazar"]
[Black "Revaliente Montoya, Ciro"]
[Result "1/2-1/2"]
[WhiteElo "2133"]
[BlackElo "1917"]
[Annotator "TA"]
[PlyCount "116"]
[EventDate "2019.08.02"]
[EventType "swiss"]
[EventCountry "SVK"]
[SourceTitle "playchess.com"]
[Source "ChessBase"]
[SourceQuality "1"]

{[%evp 20,116,-14,-21,-15,-16,-5,-35,31,-22,-34,-90,-62,-68,-56,-87,0,-38,-51,-168,-169,-169,-165,-164,-169,-164,-161,-160,-168,-175,-157,-163,-116,-128,-16,-16,-13,-16,-16,-197,-212,-371,-377,-364,-71,-156,-1,0,0,0,0,0,0,0,0,0,0,0,0,0,0,0,0,0,0,0,0,0,0,0,0,0,0,0,0,0,0,0,0,0,0,0,0,0,0,0,0,0,0,0,0,0,0,0,0,0,0,0,272]} 1. e4 c5 2. Nf3 d6 3. g3 Nc6 4. Bg2 g6 5. O-O Bg7 6. c3 e5 7. d3 Nge7 8. a3 O-O 9. b4 a6 10. Bb2 h6 11. Nbd2 Be6 {A04: Unusual lines after 1 Nf3 and King's Indian Attack} 12. Qe2 (12. Re1 b5 13. Qb1 Qb6 14. Nf1 cxb4 15. cxb4 a5 16. Bc3 axb4 17. axb4 d5 18. exd5 Nxd5 19. Rxa8 Rxa8 20. Bxe5 Nxe5 21. Nxe5 {0-1 (40) Adly,A (2589)-Vidit,S (2630) Tsaghkadzor 2015}) 12... b5 13. Rfd1 f5 $146 (13... Nc8 $15) ({Predecessor:} 13... Nc8 14. Qe3 Nb6 15. Rab1 Na4 16. Ba1 Qe7 17. d4 exd4 18. cxd4 Bg4 19. dxc5 dxc5 20. Bxg7 Kxg7 21. bxc5 {1-0 (50) Suarez Garcia,C (2424)-Alfaro Garcia del Cerro,J (2151) San Sebastian 2019}) 14. Nf1 (14. bxc5 $14 dxc5 15. exf5 gxf5 16. c4) 14... f4 $11 15. h4 (15. d4 $15 cxd4 16. cxd4 exd4 17. Nxd4 Nxd4 18. Bxd4) 15... Nc8 (15... Qc7 {looks sharper.} 16. gxf4 Rxf4 17. Bc1 Rf7 18. Be3 Raf8) 16. d4 cxd4 17. cxd4 exd4 ({Black should try} 17... Bc4 $1 $17 {[%cal Rc4e2]} 18. Qd2 Nb6) 18. Nxd4 Nxd4 19. Bxd4 ({White should play} 19. Rxd4 $15 Be5 20. Rad1) 19... Bxd4 20. Rxd4 {[#]} f3 $1 $36 {[%cal Rf3e2][%mdl 2624] Decoy. Keeping White busy.} 21. Bxf3 Qf6 $1 {[%csl LRd4,LRf3][%mdl 64] Double Attack} 22. e5 Qxf3 23. Qxf3 Rxf3 24. exd6 {Black should prevent d7.} Nb6 25. Nd2 Rff8 26. Ne4 Bd5 ({Better is} 26... Bd7 $17 {aiming for ...Rf7.} 27. Rc1 Nc4) 27. Nc5 Rad8 28. d7 $1 Rf5 29. Re1 $2 (29. Rad1 $11) 29... Nxd7 $19 30. f4 $2 (30. Nxa6 Ne5 31. Re3) 30... Nxc5 31. bxc5 {[#]} g5 $2 (31... h5 $1 $19 32. Red1 Kf7) 32. c6 (32. Red1 $142) 32... Kf7 $2 (32... Rc8 $17 33. hxg5 h5) 33. fxg5 $1 $11 {The position is equal.} h5 {White must now prevent ...Rc8.} 34. g6+ $1 Kxg6 35. Red1 Rc8 36. Rxd5 Rxd5 37. Rxd5 {Hoping for Rc5.} Rxc6 {[%mdl 4096] Endgame KR-KR} 38. Kg2 Kh6 39. Rd3 Kg6 40. Kf3 a5 41. Rb3 Rc4 42. Rxb5 {And now Rg5+ would win.} Rc3+ {[%mdl 64] Double Attack} 43. Kf4 Rxa3 44. Rg5+ Kh6 45. Rg8 a4 46. Ra8 Kg6 47. Ra6+ Kg7 48. Rc6 Kh7 49. Ra6 Kg7 50. Ra5 Kg6 51. Rg5+ Kh6 52. Kf5 Rf3+ 53. Ke4 Rb3 54. Kf4 Rb4+ 55. Kf3 Rb3+ (55... a3 $5 56. Ra5 $8 Rb3+ 57. Kf4 Rb4+ 58. Kf3 Rb3+ 59. Kf4 Rb4+ 60. Kf5 Rb3 $11) 56. Kf2 Rb2+ 57. Kf3 Rb3+ 58. Ke4 Kh7 $2 {[%mdl 40960] Accuracy: White = 56%, Black = 50%. . An unexpected result.} (58... a3 $11 {and Black has nothing to worry.} 59. Ra5 Kg6) 1/2-1/2

[Event "EYCC Open-U14 2019"]
[Site "Bratislava"]
[Date "2019.08.10"]
[Round "9.29"]
[White "Zemach, Nadav"]
[Black "Sobek, Michal"]
[Result "1/2-1/2"]
[WhiteElo "1997"]
[BlackElo "2101"]
[Annotator "TA"]
[PlyCount "51"]
[EventDate "2019.08.02"]
[EventType "swiss"]
[EventCountry "SVK"]
[SourceTitle "playchess.com"]
[Source "ChessBase"]
[SourceQuality "1"]

{[%evp 22,51,62,33,43,20,48,51,51,46,51,51,46,44,66,68,48,33,41,41,56,-7,11,12,30,24,12,0,0,0,45,0]} 1. d4 Nf6 2. c4 c5 3. d5 b5 4. cxb5 a6 5. bxa6 g6 6. Nc3 Bg7 7. e4 O-O 8. Nf3 Qa5 9. Bd2 Bxa6 10. Be2 d6 11. O-O Nbd7 12. h3 Rfb8 {E90: King's Indian: Classical: Early deviations and 6 h3} 13. b3 Ne8 14. Na4 Bxe2 15. Qxe2 Qa6 16. Qxa6 Rxa6 17. Rac1 Nb6 $146 ({Predecessor:} 17... Nc7 18. Bc3 Nb6 19. Nxb6 Rbxb6 20. b4 Rxa2 21. bxc5 dxc5 22. Bxg7 Kxg7 23. Rxc5 {1-0 (31) Kallai,G (2510)-Trevelyan,J (2200) Strasbourg 1994}) 18. Nxb6 Rbxb6 19. Rc2 Rb8 20. Be3 Nc7 21. Nd2 (21. Rd1 $14) 21... Nb5 22. a4 Na3 23. Ra2 Nb5 $1 24. Rc2 Na3 25. Ra2 Nb5 $1 26. Rc2 {Accuracy: White = 62%, Black = 59%.} 1/2-1/2

[Event "EYCC Open-U14 2019"]
[Site "Bratislava"]
[Date "2019.08.10"]
[Round "9.30"]
[White "Popov, Maksim M."]
[Black "Neumann, Filip"]
[Result "1-0"]
[WhiteElo "2152"]
[BlackElo "1982"]
[Annotator "TA"]
[PlyCount "59"]
[EventDate "2019.08.02"]
[EventType "swiss"]
[EventCountry "SVK"]
[SourceTitle "playchess.com"]
[Source "ChessBase"]
[SourceQuality "1"]

{[%evp 12,59,46,45,66,39,43,47,40,45,51,50,39,47,46,42,34,29,61,67,46,29,218,218,203,220,212,212,210,210,216,209,213,218,214,207,214,204,672,671,662,658,1381,1067,1129,1079,29996,29997,29997,29992]} 1. e4 e5 2. Nf3 Nf6 3. d4 Nxe4 4. Nxe5 d5 5. Bd3 Be7 6. O-O O-O 7. c4 Bf6 $146 {C43: Petroff Defence: 3 d4} ({Predecessor:} 7... Nf6 8. Nc3 Be6 9. c5 c6 10. Bf4 Nbd7 11. b4 Nxe5 12. Bxe5 Nd7 13. Bf4 Bf6 14. Bc2 Re8 15. Qd2 Nf8 16. b5 {½-½ (51) Guseinov,G (2664)-Timofeev,A (2589) St Petersburg 2018}) 8. Bf4 Nc6 9. Re1 Bxe5 {White is slightly better.} 10. dxe5 {Strongly threatening cxd5.} Nc5 11. cxd5 {Bxh7+! is the strong threat.} Nxd3 12. Qxd3 {Hoping for Nc3.} Nb4 13. Qg3 Bf5 $1 14. Nc3 {And now Rad1 would win.} Nxd5 15. Rad1 c6 16. h4 Qa5 $2 (16... Kh8 $11 {and Black has nothing to worry.}) 17. h5 $18 {Black must now prevent Nxd5.} Qb4 18. Nxd5 cxd5 19. a3 Qc4 20. b3 Qc6 {[#]} 21. e6 $1 {[%mdl 512]} fxe6 (21... Bxe6 22. h6) 22. Rc1 Qe8 {[#]} 23. Rc7 $1 {[%csl Gc7][%cal Rg3g7][%mdl 512]} Rf7 {[#]} 24. Rec1 $1 $40 {[%mdl 128] White attacks with force.} Rd8 $2 (24... e5) 25. Rxf7 Kxf7 26. Be5 {[%csl Ge5][%cal Rg3g7]} g6 {If Black can now play ...Rc8 this consolidates a bit.} 27. hxg6+ hxg6 28. Qh4 {Qh7+ would kill now.} Qf8 29. Rc7+ {[%mdl 64] Double Attack} Ke8 30. Bg7 {Accuracy: White = 78%, Black = 44%.} 1-0

[Event "EYCC Open-U14 2019"]
[Site "Bratislava"]
[Date "2019.08.10"]
[Round "9.31"]
[White "Poltorak, Sebastian"]
[Black "Nareks, Matic"]
[Result "1-0"]
[WhiteElo "2068"]
[BlackElo "1937"]
[Annotator "NA RC"]
[PlyCount "75"]
[EventDate "2019.08.02"]
[EventType "swiss"]
[EventCountry "SVK"]
[SourceTitle "playchess.com"]
[Source "ChessBase"]
[SourceQuality "1"]
[TimeControl "40/5400+30:1800+30"]

1. d4 {[%emt 0:00:00]} d6 {[%emt 0:00:00]} 2. c4 {[%emt 0:00:00]} e5 {[%emt 0:00:08]} 3. Nc3 {[%emt 0:00:00]} exd4 {[%emt 0:00:14]} 4. Qxd4 {[%emt 0:00:00]} Nc6 {[%emt 0:00:29]} 5. Qd2 {[%emt 0:00:00]} Nf6 {[%emt 0:01:00]} 6. b3 {[%emt 0:00:22]} a5 {[%emt 0:00:32]} 7. Bb2 {[%emt 0:00:20]} a4 {[%emt 0:00:21]} 8. Rd1 {[%emt 0:01:00]} axb3 {[%emt 0:00:21]} 9. axb3 {[%emt 0:00:07]} Be6 {[%emt 0:03:37]} 10. e4 {[%emt 0:01:05]} g6 {[%emt 0:08:47]} 11. g3 {[%emt 0:03:20]} Bg7 {[%emt 0:00:26]} 12. Bg2 {[%emt 0:01:14]} O-O {[%emt 0:01:12]} 13. Nge2 {[%emt 0:00:54]} Re8 {[%emt 0:02:54]} 14. O-O {[%emt 0:01:56]} Nd7 {[%emt 0:01:47]} 15. h3 {[%emt 0:09:09]} Nc5 {[%emt 0:01:37]} 16. Nc1 {[%emt 0:02:56]} f5 {[%emt 0:27:31]} 17. Rfe1 {[%emt 0:05:46]} Qd7 {[%emt 0:02:42]} 18. exf5 {[%emt 0:03:09]} Bxf5 {[%emt 0:00:40]} 19. g4 {[%emt 0:01:03]} Be6 {[%emt 0:01:36]} 20. Nd5 {[%emt 0:01:39]} Ne5 {[%emt 0:06:16]} 21. f4 {[%emt 0:02:42]} Nxb3 {[%emt 0:02:31]} 22. Qc3 {[%emt 0:10:43]} Nxc1 {[%emt 0:01:08]} 23. Rxc1 {[%emt 0:00:49]} Nf3+ {[%emt 0:00:45]} 24. Qxf3 {[%emt 0:00:52]} Bxb2 {[%emt 0:00:07]} 25. Rcd1 {[%emt 0:06:36]} Bg7 {[%emt 0:03:48]} 26. c5 {[%emt 0:09:59]} Kh8 {[%emt 0:09:03]} 27. cxd6 {[%emt 0:04:44]} Qxd6 {[%emt 0:00:19]} 28. Ne3 {[%emt 0:01:00]} Bd4 {[%emt 0:01:06]} 29. Kh1 {[%emt 0:05:55]} Ra3 {[%emt 0:11:30]} 30. Nc4 {[%emt 0:00:46]} Bxc4 {[%emt 0:01:31]} 31. Rxe8+ {[%emt 0:00:51]} Kg7 {[%emt 0:00:13]} 32. Qe4 c5 {[%emt 0:00:13]} 33. Qxb7+ {[%emt 0:03:55]} Bf7 {[%emt 0:00:14]} 34. Re7 {[%emt 0:02:08]} Qxf4 {[%emt 0:00:15]} 35. Rf1 {[%emt 0:00:40]} Bf2 {[%emt 0:00:45]} 36. Rxf7+ {[%emt 0:00:20]} Qxf7 {[%emt 0:00:11]} 37. Qb2+ {[%emt 0:00:04]} Qf6 {[%emt 0:00:50]} 38. Qxa3 {[%emt 0:00:05]} 1-0

[Event "EYCC Open-U14 2019"]
[Site "Bratislava"]
[Date "2019.08.10"]
[Round "9.32"]
[White "Bizjak, Anej"]
[Black "Stalmach, Richard"]
[Result "0-1"]
[WhiteElo "1574"]
[BlackElo "2381"]
[Annotator "TA"]
[PlyCount "100"]
[EventDate "2019.08.02"]
[EventType "swiss"]
[EventCountry "SVK"]
[SourceTitle "playchess.com"]
[Source "ChessBase"]
[SourceQuality "1"]

{[%evp 9,100,1,14,5,12,8,44,22,47,4,16,7,0,-29,-19,-30,-30,-26,17,-8,-4,-37,-41,-42,-32,-33,14,-40,16,26,41,-29,-39,-39,119,-58,-55,-51,-26,-53,-16,-225,-217,-175,-164,-131,-83,-69,-71,-69,-67,-95,-79,-192,-143,-228,-227,-226,-130,-133,-123,-121,-89,-62,-12,-10,-15,-15,-15,-19,0,0,0,0,169,0,0,0,161,-871,-890,-839,-833,-5082,-5043,-29976,-29977,-29977,-29978,-29978,-29979,-29978,-29973]} 1. Nf3 f5 2. e3 (2. c4 Nf6 3. Nc3 e6 4. g3 Be7 5. Bg2 O-O 6. O-O d6 7. d4 Qe8 8. Re1 Ne4 9. Qc2 Qg6 10. Be3 Nxc3 11. Qxc3 Nc6 12. Rad1 Bf6 13. Qc1 e5 14. dxe5 dxe5 15. Bc5 Re8 16. b4 b6 17. Be3 f4 18. Bd2 Bf5 {0-1 (55) Yilmaz,M (2636)-Amin,B (2710) St Petersburg 2018}) 2... Nf6 3. b3 g6 4. Bb2 Bg7 5. Be2 O-O 6. O-O {A04: Unusual lines after 1 Nf3 and King's Indian Attack} d6 7. d4 Nbd7 8. Nbd2 {White is slightly better.} Qe8 9. c4 e5 10. dxe5 $146 ({Predecessor:} 10. d5 c6 11. Nb1 cxd5 12. cxd5 Nb6 13. Nc3 h6 14. Ba3 e4 {1-0 (40) Charbonnel,C (1240)-Lamblin,A (1390) France 2013}) 10... dxe5 11. Ba3 c5 12. b4 e4 13. Ng5 Qe5 (13... h6 $5 14. Nh3 $8 g5 $11) 14. Rb1 Rd8 15. Qc2 h6 16. Nh3 $1 g5 17. Rfd1 Re8 18. Nb3 (18. bxc5 $11 Qc7 19. c6 bxc6 20. Nf1) 18... f4 (18... b6 $15) 19. exf4 $1 $11 gxf4 20. bxc5 (20. f3 $14) 20... f3 $1 21. Bb2 $1 {[%cal Rb2e5]} fxe2 $2 (21... Qh5 $15 {stays ahead.} 22. Bf1 (22. Nf4 $2 Qg5 $19) 22... Ne5) 22. Bxe5 $2 (22. Rxd7 $1 $16 Qf5 23. Rxg7+ Kxg7 24. Nd4 Qxc5 25. Nf4) 22... exd1=Q+ 23. Rxd1 Nxe5 24. Nf4 Bg4 25. Rd2 $2 {[#]} (25. Rd6 $11) 25... Nd3 $1 $19 {[%cal Rd3f4][%mdl 512]} 26. Nd5 (26. Nxd3 exd3) 26... Rad8 $1 27. h3 Be6 28. Nc7 Re7 29. Nxe6 Rxe6 30. Nc1 {[%cal Rc1d3]} Re7 $1 31. Nb3 (31. f3 $17 Red7 32. c6 $1 {[%mdl 512]} bxc6 33. fxe4) 31... h5 32. a3 (32. Na5 $17) 32... h4 33. c6 Bh6 (33... bxc6 $19 34. Na5 Re6) 34. Rd1 $17 bxc6 {[#]} 35. Nc5 $1 {[%cal Rc5d3][%mdl 512]} Bf4 {And now ...Rde8 would win.} (35... Nxc5 36. Rxd8+) 36. Kf1 Re5 37. Nxd3 exd3 38. Rxd3 Rde8 {[%csl Ge8][%cal Re5e1]} 39. g3 Re1+ 40. Kg2 R1e2 (40... R8e2 $5 41. Rd2 $8 Bxd2 42. Qg6+ {[%mdl 64] Double Attack} Kh8 43. Qxf6+ {[%mdl 64] Double Attack} Kg8 $11) 41. Qb1 Be5 $2 {[#]} (41... hxg3 $1 $11 42. Rxg3+ Kf7) 42. gxh4 $2 ({Only move:} 42. Rf3 $1 $18) 42... Ne4 $36 {[%mdl 2048] Black fights for an advantage.} 43. Rf3 {Black must now prevent Qb7.} Kh8 $2 (43... Rb8 $1 $11 44. Qd3 Rbb2 45. Qd8+ Kh7 46. Qd7+ {[%mdl 64] Double Attack} Bg7) 44. Qd1 $4 {[%mdl 8192]} (44. Qd3 $18 Ra2 45. Qxe4 Rg8+ 46. Kf1 Ra1+ 47. Ke2 Ra2+ 48. Kd3 Rd8+ 49. Ke3 Rxa3+ 50. Ke2 Ra2+ 51. Kf1 Ra1+ 52. Kg2 Rg8+ 53. Rg3 Bxg3 54. fxg3 Ra2+ 55. Kf3) 44... Rg8+ $19 45. Kf1 Rd2 46. Qe1 Bh2 {[%csl Gh2][%cal Rg8g1]} 47. Rg3 Nxg3+ {Black mates.} 48. Kg2 Ne4+ 49. Kxh2 Rxf2+ 50. Kh1 {[#]} Ng3+ {Played: Rf2-f1} 0-1

[Event "EYCC Open-U14 2019"]
[Site "Bratislava"]
[Date "2019.08.10"]
[Round "9.33"]
[White "Shoshin, Kirill"]
[Black "Hulka, Valentyn"]
[Result "1/2-1/2"]
[WhiteElo "2089"]
[BlackElo "1788"]
[Annotator "NA RC"]
[PlyCount "170"]
[EventDate "2019.08.02"]
[EventType "swiss"]
[EventCountry "SVK"]
[SourceTitle "playchess.com"]
[Source "ChessBase"]
[SourceQuality "1"]
[TimeControl "40/5400+30:1800+30"]

1. d4 {[%emt 0:00:00]} Nf6 {[%emt 0:00:00]} 2. c4 {[%emt 0:00:00]} e6 {[%emt 0:00:00]} 3. Nc3 {[%emt 0:00:00]} Bb4 {[%emt 0:00:00]} 4. e3 {[%emt 0:00:59]} O-O {[%emt 0:00:18]} 5. Bd3 {[%emt 0:00:02]} b6 {[%emt 0:07:44]} 6. Nge2 {[%emt 0:00:03]} Bb7 {[%emt 0:00:07]} 7. O-O {[%emt 0:00:07]} d5 {[%emt 0:01:35]} 8. cxd5 {[%emt 0:00:25]} exd5 {[%emt 0:00:09]} 9. a3 {[%emt 0:00:03]} Bd6 {[%emt 0:07:25]} 10. b4 {[%emt 0:00:39]} Nbd7 {[%emt 0:08:27]} 11. f3 {[%emt 0:00:33]} Re8 {[%emt 0:00:52]} 12. Qc2 {[%emt 0:00:41]} c5 {[%emt 0:10:51]} 13. bxc5 {[%emt 0:04:16]} bxc5 {[%emt 0:00:06]} 14. Rb1 {[%emt 0:02:04]} Qc8 {[%emt 0:14:51]} 15. Nb5 {[%emt 0:03:19]} Bf8 {[%emt 0:02:34]} 16. g4 {[%emt 0:10:11]} a6 {[%emt 0:07:29]} 17. Nbc3 {[%emt 0:01:20]} h6 {[%emt 0:01:03]} 18. Ng3 {[%emt 0:01:39]} Qc7 {[%emt 0:03:26]} 19. Kg2 {[%emt 0:04:18]} Rac8 {[%emt 0:00:22]} 20. Bd2 {[%emt 0:00:01]} Nb8 {[%emt 0:21:30]} 21. h4 {[%emt 0:04:04]} Nc6 {[%emt 0:00:55]} 22. g5 {[%emt 0:02:55]} cxd4 {[%emt 0:00:11]} 23. exd4 {[%emt 0:02:11]} Nxd4 {[%emt 0:02:33]} 24. Qa4 {[%emt 0:00:31]} Nxf3 {[%emt 0:02:00]} 25. Rxf3 {[%emt 0:00:20]} d4 {[%emt 0:00:02]} 26. Rxb7 {[%emt 0:01:35]} Qxb7 {[%emt 0:00:20]} 27. gxf6 {[%emt 0:04:46]} dxc3 {[%emt 0:00:25]} 28. Bxh6 {[%emt 0:02:19]} c2 {[%emt 0:04:32]} 29. fxg7 {[%emt 0:00:32]} Bxg7 {[%emt 0:01:16]} 30. Qg4 {[%emt 0:02:41]} Qb2 {[%emt 0:00:17]} 31. Rf2 {[%emt 0:20:02]} c1=Q {[%emt 0:00:50]} 32. Bxc1 {[%emt 0:00:02]} Qxc1 {[%emt 0:00:19]} 33. Nf5 {[%emt 0:00:28]} Qc6+ {[%emt 0:00:22]} 34. Kh2 {[%emt 0:01:15]} Qf6 {[%emt 0:00:28]} 35. Rg2 {[%emt 0:00:18]} Qe5+ {[%emt 0:01:11]} 36. Kh3 {[%emt 0:00:01]} Rc3 {[%emt 0:00:13]} 37. Qxg7+ {[%emt 0:02:06]} Qxg7 {[%emt 0:00:06]} 38. Rxg7+ {[%emt 0:00:01]} Kf8 {[%emt 0:01:09]} 39. Rg3 {[%emt 0:00:16]} Rxa3 {[%emt 0:00:04]} 40. Kg4 {[%emt 0:00:00]} Rd8 {[%emt 0:00:00]} 41. Be4 {[%emt 0:06:08]} Rxg3+ {[%emt 0:03:05]} 42. Kxg3 {[%emt 0:00:37]} a5 {[%emt 0:00:52]} 43. h5 {[%emt 0:02:14]} a4 {[%emt 0:01:11]} 44. h6 {[%emt 0:00:05]} Kg8 {[%emt 0:04:55]} 45. Bb1 {[%emt 0:00:11]} a3 {[%emt 0:09:03]} 46. Ba2 {[%emt 0:00:48]} Rd2 {[%emt 0:01:24]} 47. h7+ {[%emt 0:00:18]} Kxh7 {[%emt 0:00:10]} 48. Bxf7 {[%emt 0:00:03]} a2 {[%emt 0:00:17]} 49. Bxa2 {[%emt 0:00:02]} Rxa2 {[%emt 0:00:07]} 50. Kf4 {[%emt 0:00:08]} Kg6 {[%emt 0:00:05]} 51. Ne7+ {[%emt 0:00:17]} Kf7 {[%emt 0:00:05]} 52. Nf5 {[%emt 0:00:10]} Kf6 {[%emt 0:00:03]} 53. Ke4 {[%emt 0:01:50]} Ra5 {[%emt 0:01:43]} 54. Nd4 {[%emt 0:00:35]} Re5+ {[%emt 0:00:05]} 55. Kf4 {[%emt 0:00:34]} Re1 {[%emt 0:00:17]} 56. Nf3 {[%emt 0:00:11]} Ra1 {[%emt 0:00:06]} 57. Ke4 {[%emt 0:00:10]} Ke6 {[%emt 0:00:04]} 58. Nd4+ {[%emt 0:00:06]} Kd6 {[%emt 0:00:05]} 59. Nf5+ {[%emt 0:00:06]} Kc5 {[%emt 0:00:07]} 60. Ne3 {[%emt 0:00:59]} Ra8 {[%emt 0:00:46]} 61. Kd3 {[%emt 0:00:47]} Rd8+ {[%emt 0:00:16]} 62. Ke4 {[%emt 0:00:15]} Re8+ {[%emt 0:00:14]} 63. Kd3 {[%emt 0:00:13]} Re5 {[%emt 0:00:21]} 64. Nc2 {[%emt 0:00:31]} Rh5 {[%emt 0:01:16]} 65. Ne3 {[%emt 0:00:10]} Rh4 {[%emt 0:00:04]} 66. Nc2 Rc4 {[%emt 0:00:23]} 67. Ne3 {[%emt 0:00:33]} Rd4+ {[%emt 0:01:13]} 68. Kc3 {[%emt 0:00:55]} Rd8 {[%emt 0:00:48]} 69. Nf5 {[%emt 0:00:24]} Kd5 {[%emt 0:02:50]} 70. Ne3+ {[%emt 0:00:46]} Ke4 {[%emt 0:00:11]} 71. Nc2 {[%emt 0:00:35]} Rc8+ {[%emt 0:00:26]} 72. Kd2 {[%emt 0:00:29]} Rc7 {[%emt 0:00:17]} 73. Nb4 {[%emt 0:00:40]} Rb7 {[%emt 0:02:07]} 74. Kc3 {[%emt 0:00:08]} Rb8 {[%emt 0:00:38]} 75. Nc2 {[%emt 0:00:10]} Rc8+ {[%emt 0:00:03]} 76. Kd2 {[%emt 0:00:06]} Rc4 {[%emt 0:00:20]} 77. Na3 {[%emt 0:01:07]} Rb4 {[%emt 0:00:28]} 78. Nc2 {[%emt 0:00:32]} Rb3 {[%emt 0:00:04]} 79. Ne1 {[%emt 0:00:12]} Ra3 {[%emt 0:01:52]} 80. Nc2 {[%emt 0:00:09]} Rd3+ {[%emt 0:00:14]} 81. Ke2 {[%emt 0:00:03]} Rd7 {[%emt 0:00:19]} 82. Ne1 {[%emt 0:00:28]} Rh7 {[%emt 0:00:16]} 83. Kd2 {[%emt 0:00:15]} Rh3 {[%emt 0:00:19]} 84. Nc2 {[%emt 0:00:09]} Rh2+ {[%emt 0:00:17]} 85. Kc3 {[%emt 0:00:05]} Rxc2+ {[%emt 0:00:05]} 1/2-1/2